MESTSKÁ KNIŽNICA GIRALTOVCE  - online katalóg 

Dóm sv. Martina v Bratislave ; Juraj Žáry, Anton Bagin, Ivan Rusina, Eva Toranová, Roman Bunčák, Pavol Breier, Mikuláš Červeňanský, Ivan Kostroň, Atilla Mudrák, Tatiana Žáryová, Marta Pichová, Marína Nagyová (Record no. 14965)

000 -NÁVESTIE
fixed length control field 01291nam a2200337 a 4500
008 - ÚDAJE S PEVNOU DĹŽKOU – VŠEOBECNÉ INFORMÁCIE
fixed length control field 951027s1990||||[C 0 slo c
020 ## - MEDZINÁRODNÉ ŠTANDARDNÉ ČÍSLO KNIHY (ISBN)
Medzinárodné štandardné číslo knihy (ISBN) 8022201731
Údaje o dostupnosti 90 Kčs.
Qualifying information (7500 výtl.)
040 ## - ZDROJ KATALOGIZÁCIE
Pôvodná katalogizujúca agentúra SNK
Jazyk katalogizácie slo
Prepisujúca agentúra SNK
Konvencie popisu AACR2
041 1# - KÓD JAZYKA
Kód jazyka textu/zvukovej stopy alebo samostatných nápisov slo
Kód jazyka originálu a/alebo sprostredkujúcich prekladov textu slo
044 ## - KÓD KRAJINY VYDAVATEĽA/PRODUCENTA
Kód krajiny MARC xo
Kód krajiny ISO SK
080 ## - ČÍSLO MEDZINÁRODNÉHO DESATINNÉHO TRIEDENIA (MDT)
Číslo Medzinárodného desatinného triedenia (MDT) 726.5(437.6-25)(084.12)
245 10 - NÁZOV
Názov Dóm sv. Martina v Bratislave ; Juraj Žáry, Anton Bagin, Ivan Rusina, Eva Toranová, Roman Bunčák, Pavol Breier, Mikuláš Červeňanský, Ivan Kostroň, Atilla Mudrák, Tatiana Žáryová, Marta Pichová, Marína Nagyová
250 ## - ÚDAJ O PORADÍ VYDANIA
Údaj o poradí vydania 1., vyd.
260 ## - VYDAVATEĽSKÉ ÚDAJE, DISTRIBÚCIA ATĎ.
Miesto publikovania, distribúcie atď. Bratislava
Názov vydavateľa, distibútora atď. Tatran
Dátum publikovania, distribúcie atď. 1990
Miesto výroby Martin
Výrobca Tlačiarne SNP
300 ## - FYZICKÝ POPIS
Rozsah 152 s., 26,66 AH
Rozmery 34 cm
490 0# - EDÍCIA
Edícia Pamiatky Bratislavy
Zväzok/sekvenčné označenie Zv. 13.
500 ## - VŠEOBECNÁ POZNÁMKA
Formátovaná poznámka o obsahu Fot. na front. Ilustr. na predsádkach. Res. rus., nem. a angl. 139 zázn. v slov., češ., nem. a maď.
700 1# - PRIDANÝ VSTUP – OSOBNÉ MENO
Osobné meno Žáry, Juraj
Kód roly aut
700 1# - PRIDANÝ VSTUP – OSOBNÉ MENO
Osobné meno Bagin, Anton
Kód roly aut
700 1# - PRIDANÝ VSTUP – OSOBNÉ MENO
Osobné meno Rusina, Ivan
Kód roly aut
700 1# - PRIDANÝ VSTUP – OSOBNÉ MENO
Osobné meno Toranová, Eva
Kód roly aut
700 1# - PRIDANÝ VSTUP – OSOBNÉ MENO
Osobné meno Bunčák, Roman
Kód roly bkd
700 1# - PRIDANÝ VSTUP – OSOBNÉ MENO
Osobné meno Breier, Pavol
Kód roly bkd
700 1# - PRIDANÝ VSTUP – OSOBNÉ MENO
Osobné meno Červeňanský, Mikuláš
Kód roly bkd
700 1# - PRIDANÝ VSTUP – OSOBNÉ MENO
Osobné meno Kostroň, Ivan
Kód roly bkd
700 1# - PRIDANÝ VSTUP – OSOBNÉ MENO
Osobné meno Mudrák, Atilla
Kód roly bkd
700 1# - PRIDANÝ VSTUP – OSOBNÉ MENO
Osobné meno Žáryová, Tatiana
Kód roly oth
700 1# - PRIDANÝ VSTUP – OSOBNÉ MENO
Osobné meno Pichová, Marta
Kód roly oth
700 1# - PRIDANÝ VSTUP – OSOBNÉ MENO
Osobné meno Nagyová, Marína
Kód roly oth
958 ## - Formálny deskriptor
Formálny deskriptor A
Holdings
Stav stiahnutia (Blokovanie) (Withrawn status) Stav straty Stav poškodenia (Damaged status) Nie pre výpožičky (Not for loan) Spôsob nadobudnutia (Collection code) Trvalé umiestnenie Aktuálne umiestnenie Dátum nadobudnutia Náklady, bežná kúpna cena Inventárne číslo (prírastkové číslo) Full call number Dátum posledného výskytu Cena s účinnosťou od Typ jednotky Koha
        Kúpa Mestská knižnica Giraltovce Mestská knižnica Giraltovce 2019-11-29 90.00 14003 I 0102 2019-11-29 2019-11-29 Odborná literatúra pre dospelých

Powered by Koha